Hearthstone Battlegrounds Heroes - Statistics

General Stats
  • This quiz has been taken 70 times
  • The average score is 19 of 88
Answer Stats
Answer % Correct
Dinotamer Brann
58%
Reno Jackson
55%
Arch-Villain Rafaam
48%
Lich Baz'hial
48%
Elise Starseeker
45%
Ysera
43%
Alexstrasza
40%
Nozdormu
40%
Patches the Pirate
40%
The Lich King
40%
Millhouse Manastorm
38%
Sir Finley Mrrggleton
38%
N'Zoth
35%
The Rat King
35%
C'Thun
33%
Deathwing
33%
Guff Runetotem
33%
Infinite Toki
33%
Jandice Barov
33%
Lord Barov
33%
Ragnaros the Firelord
30%
Yogg-Saron, Hope's End
30%
A.F.Kay
28%
Fungalmancer Flurgl
28%
Illidan Stormrage
28%
Malygos
28%
Tess Greymane
28%
Forest Warden Omu
25%
Galakrond
25%
George the Fallen
25%
Lord Jaraxxus
25%
Al'Akir
23%
Captain Eudora
23%
Onyxia
23%
Sylvanas Windrunner
23%
The Curator
23%
Trade Prince Gallywix
23%
Aranna Starseeker
20%
Chenvaala
20%
Cookie the Cook
20%
Edwin Van Cleef
20%
King Mukla
20%
Master Nguyen
20%
Sindragosa
20%
Zephrys, the Great
20%
Captain Hooktusk
18%
Cariel Roame
18%
Greybough
18%
Maiev Shadowsong
18%
Mutanus the Devourer
18%
Pyramad
18%
Queen Wagtoggle
18%
Rokara
18%
Scabbs Cutterbutter
18%
Shudderwock
18%
Dancin Deryl
15%
Death Speaker Blackthorn
15%
Mr. Bigglesworth
15%
Patchwerk
15%
Silas Darkmoon
15%
Tamsin Roame
15%
Tickatus
15%
Tirion Fordring
15%
Xyrella
15%
Y'Shaarj
15%
Ambassador Faelin
13%
Bartendotron
13%
Bru'kan
13%
Millificent Manastorm
13%
Rakanishu
13%
Sneed
13%
Vol'jin
13%
Drek'Thar
10%
Galewing
10%
Kel'Thuzad
10%
Nefarian
10%
Professor Putricide
10%
Skycap'n Kragg
10%
Tavish Stormpike
10%
Vanndar Stormpike
10%
Diablo
8%
Giantfin
8%
Kael'thas Sunstrider
8%
Kurtrus Ashfallen
8%
Lady Vashj
8%
The Great Akazamzarak
8%
Overlord Saurfang
3%
Varden Dawngrasp
3%
No matching quizzes found
Score Distribution
Percent of People with Each Score
Percentile by Number Answered
Your Score History
You have not taken this quiz